| 000 | 01184nam a2200265 i 4500 | ||
|---|---|---|---|
| 001 | 91422 | ||
| 003 | ES-MaACL | ||
| 005 | 20250404180504.0 | ||
| 007 | t| | ||
| 008 | 050131s1945 ag ||||1| spa d | ||
| 100 | 1 |
_aLévy-Bruhl, Lucien. _972014 |
|
| 245 | 1 | 3 |
_aLa mentalidad primitiva / _cLucien Lévy-Bruhl ; traducción y prólogo de Gregorio Weinberg. |
| 250 | _a[1ª ed. castellana]. | ||
| 260 |
_aBuenos Aires : _bLautaro, _c[1945] ( _fMacagno, Landa y Cía.) |
||
| 300 |
_a458 p. ; _c23 cm. |
||
| 510 |
_aCCPB, _c000929655-7. |
||
| 650 | 0 | 4 |
_aEtnopsicología. _912602 |
| 650 | 0 | 4 |
_aSociedad primitiva. _917177 |
| 700 | 1 |
_aWeinberg, Gregorio. _9116354 |
|
| 852 |
_aES-MaACL _jD-6535 _bR.31545 _bR.M.6126 _994763 _cSVI _fSello en tinta azul de la Bibñlioteca del Ateneo de Madrid. _gAnotación manuscrita en tinta negra en página 9: "en 1935 / La / mythologia / primitive". _gAnotación manuscrita en tinta azul en página 21: "(???) / 1970". _qEl libro no tiene cubierta. |
||
| 942 |
_2udc _cMONOGRAFIA |
||
| 999 |
_c91422 _d91422 |
||